Statistics for "New" Versions of Places Quiz

Click here to take the quiz!

General Stats

  • This quiz has been taken 27 times
    (25 since last reset)
  • The average score is 6 of 12

Answer Stats

"Old" version"New" version% Correct
A city in EnglandNew York
79%
An island in the English ChannelNew Jersey
71%
A city in IndiaNew Delhi
71%
A country in North AmericaNew Mexico
64%
A dutch provinceNew Zealand
57%
A city in FranceNew Orleans
50%
A county of EnglandNew Hampshire
50%
The south part of a British "country"New South Wales
50%
A "country" of United KingdomNew England
43%
A country in AfricaNew Guinea
29%
A city in GermanyNew Brunswick
29%
What Scotland used to be calledNew Caledonia
21%

Score Distribution

Percentile by Number Answered

Percent of People with Each Score

Your Score History

You have not taken this quiz since the last reset